[Event "StM 2004"]
[Site "Hartberg"]
[Date "2004.??.??"]
[Round "1.33"]
[White "Kwatschewsky, Leo"]
[Black "Hosp, Reinhard"]
[Result "1-0"]
[WhiteElo "2255"]
[BlackElo "2131"]
[PlyCount "87"]
[EventDate "2004.??.??"]

1. e4 c5 2. Nf3 d6 3. d4 cxd4 4. Nxd4 Nf6 5. Nc3 a6 6. g3 Bg4 7. f3 Bd7 8. Be3
Nc6 9. Nxc6 bxc6 10. Qd2 Qa5 11. Bg2 Rb8 12. b3 h5 13. Ne2 Qc7 14. c4 e6 15.
O-O Bc8 16. h3 h4 17. g4 Nd7 18. Rad1 Bb7 19. f4 Rd8 20. Qc2 Be7 21. f5 e5 22.
g5 Rc8 23. Bf3 f6 24. g6 Qa5 25. b4 Qc7 26. c5 d5 27. exd5 cxd5 28. Bxd5 Bxd5
29. Rxd5 a5 30. a3 axb4 31. axb4 Qb7 32. Qe4 Rd8 33. Rxe5 Qxe4 34. Rxe4 Ne5 35.
Nf4 Kd7 36. b5 Rb8 37. Rd1+ Kc8 38. Nd5 Bf8 39. Nb6+ Rxb6 40. cxb6 Rh5 41. Ra4
Bd6 42. Rxd6 Nd7 43. b7+ Kb8 44. Rxd7 1-0

[Event "StM 2004"]
[Site "Hartberg"]
[Date "2004.??.??"]
[Round "1.34"]
[White "Sadilek, Maximilian"]
[Black "Schwaninger, Wolfgang"]
[Result "1-0"]
[WhiteElo "2130"]
[BlackElo "2255"]
[PlyCount "71"]
[EventDate "2004.??.??"]

1. e4 d6 2. d4 g6 3. Nc3 c6 4. f4 Bg7 5. Nf3 Bg4 6. Be3 e6 7. h3 Bxf3 8. Qxf3
d5 9. O-O-O Nd7 10. f5 dxe4 11. Nxe4 gxf5 12. Nd6+ Kf8 13. Bf4 Ne7 14. g4 Qa5
15. gxf5 Qd5 16. Qh5 Ng6 17. Bc4 Nf6 18. Qg5 h6 19. Qg3 Nxf4 20. Qxf4 Nh5 21.
Qh2 Qf3 22. fxe6 Ng3 23. Rhg1 Qf4+ 24. Qd2 Qxd6 25. Rxg3 Qxg3 26. Qb4+ Ke8 27.
Qxb7 Qf4+ 28. Kb1 Rd8 29. Qxc6+ Kf8 30. Rf1 Rxd4 31. Qc5+ Qd6 32. Qc8+ Qd8 33.
e7+ Kxe7 34. Rxf7+ Kd6 35. Qe6+ Kc5 36. Rf5+ 1-0

[Event "StM 2004"]
[Site "Hartberg"]
[Date "2004.??.??"]
[Round "1.35"]
[White "Schein, Karl-Heinz"]
[Black "Halser, Walter"]
[Result "1/2-1/2"]
[WhiteElo "2253"]
[BlackElo "2120"]
[PlyCount "104"]
[EventDate "2004.??.??"]

1. d4 Nf6 2. c4 e6 3. Nf3 b6 4. a3 Bb7 5. Nc3 Be7 6. d5 d6 7. e4 O-O 8. Bd3 e5
9. O-O a5 10. Ne1 Na6 11. f4 exf4 12. Bxf4 Nc5 13. Nf3 Nxd3 14. Qxd3 a4 15. Nd4
Nd7 16. Nf5 Bf6 17. Qc2 Nc5 18. Be3 Be5 19. Rf3 Qd7 20. Raf1 Ba6 21. Qe2 f6 22.
Rh3 g6 23. Nd4 Rae8 24. Nc6 Bxc3 25. Bxc5 bxc5 26. Rxc3 f5 27. Qc2 fxe4 28.
Rxf8+ Kxf8 29. Re3 Bb7 30. Na5 Ba6 31. Rxe4 Rxe4 32. Qxe4 Qe7 33. Qxe7+ Kxe7
34. Kf2 Kf6 35. Ke3 Kf5 36. Kd3 h5 37. b3 axb3 38. Nxb3 h4 39. Nd2 Kf4 40. Nb1
g5 41. Nc3 g4 42. Ne2+ Ke5 43. g3 hxg3 44. hxg3 c6 45. Nc3 cxd5 46. Nxd5 Bb7
47. Ne3 Be4+ 48. Kc3 Bf3 49. a4 Ke4 50. Nd5 Ke5 51. Ne3 Ke4 52. Nd5 Ke5 1/2-1/2

[Event "StM 2004"]
[Site "Hartberg"]
[Date "2004.??.??"]
[Round "1.36"]
[White "Krenek, Markus"]
[Black "Roth, Peter"]
[Result "0-1"]
[WhiteElo "2117"]
[BlackElo "2244"]
[PlyCount "62"]
[EventDate "2004.??.??"]

1. c4 e5 2. Nc3 Nf6 3. Nf3 e4 4. Ng5 b5 5. cxb5 d5 6. d4 h6 7. Nh3 g5 8. e3 Be6
9. Bd2 Bd6 10. Rc1 Nbd7 11. Na4 Qe7 12. Qc2 O-O 13. Nc5 Bxh3 14. gxh3 Bxc5 15.
dxc5 Ne5 16. Bc3 Nf3+ 17. Ke2 d4 18. Bxd4 Rad8 19. Rd1 Nd5 20. Bg2 Nf4+ 21. Kf1
Nxg2 22. Kxg2 Qe6 23. b3 Qf5 24. a4 Rfe8 25. c6 Nh4+ 26. Kf1 Qxh3+ 27. Ke2 Nf3
28. Bxa7 Qg4 29. Rxd8 Rxd8 30. Rd1 Nd4+ 31. Kf1 Qh3+ 0-1

[Event "StM 2004"]
[Site "Hartberg"]
[Date "2004.??.??"]
[Round "1.37"]
[White "Bezler, Rainer"]
[Black "Almer, Gerald"]
[Result "1-0"]
[WhiteElo "2242"]
[BlackElo "2105"]
[PlyCount "80"]
[EventDate "2004.??.??"]

1. d4 d5 2. c4 e6 3. Nc3 Nf6 4. Bg5 Be7 5. e3 O-O 6. Nf3 b6 7. Bd3 h6 8. Bxf6
Bxf6 9. e4 dxe4 10. Bxe4 c6 11. Ne5 Bxe5 12. dxe5 Qg5 13. Qd6 Bb7 14. O-O Rd8
15. f4 Qh4 16. g3 Rxd6 17. gxh4 Rd8 18. Nb5 a5 19. Rad1 Na6 20. Nd6 Nc5 21. Bf3
Rab8 22. Nxb7 Nxb7 23. Bxc6 Nc5 24. Rd6 Rxd6 25. exd6 Nd3 26. Rd1 Nxf4 27. d7
Rd8 28. Bb5 Kf8 29. Rd6 Ke7 30. Rxb6 Nd3 31. Ra6 f5 32. Kf1 g5 33. Rxa5 g4 34.
Ra3 Nxb2 35. c5 e5 36. c6 Kd6 37. Ra7 Nd1 38. c7 Rxd7 39. c8=Q Rxa7 40. Qb8+
Kc5 1-0

[Event "StM 2004"]
[Site "Hartberg"]
[Date "2004.??.??"]
[Round "1.39"]
[White "Koffler, Daniel"]
[Black "Schwab, Rene"]
[Result "0-1"]
[WhiteElo "2080"]
[BlackElo "2240"]
[PlyCount "220"]
[EventDate "2004.??.??"]

1. Nf3 c6 2. c4 b5 3. e4 bxc4 4. Qa4 Ba6 5. Nc3 Nf6 6. Ne5 e6 7. Bxc4 Bxc4 8.
Nxc4 d5 9. Ne5 Qc7 10. d4 Bd6 11. O-O dxe4 12. Re1 O-O 13. Nxe4 Bxe5 14. dxe5
Qxe5 15. Nxf6+ Qxf6 16. Bf4 Nd7 17. Bd6 Rfc8 18. Qc2 Nb6 19. Be5 Qg6 20. Rac1
f6 21. Bd6 e5 22. Qxg6 hxg6 23. Rc2 Kf7 24. Rec1 Ke6 25. Ba3 Kd7 26. Kf1 Nd5
27. g3 g5 28. Rc4 Rab8 29. h4 gxh4 30. Rxh4 Rh8 31. Rcc4 Nb6 32. Rxh8 Rxh8 33.
Rc2 Rh1+ 34. Ke2 Ra1 35. b3 Nd5 36. Bc5 a6 37. Kd3 Re1 38. Rc4 Rd1+ 39. Kc2 Rh1
40. Ra4 Nc7 41. Kd2 Rh8 42. Bb6 Ra8 43. Rh4 Nd5 44. Bc5 Ke6 45. Rh7 Rg8 46. Rh4
f5 47. Rh1 Nf6 48. Ke2 Rb8 49. Be3 Nd5 50. Rc1 Nxe3 51. Kxe3 Kd6 52. Rh1 a5 53.
Rh7 Rb7 54. Rh8 a4 55. bxa4 Ra7 56. Rd8+ Ke7 57. Rg8 Rxa4 58. Rxg7+ Kf6 59. Rg8
Ra3+ 60. Ke2 Rxa2+ 61. Ke3 Ra3+ 62. Ke2 Rc3 63. Kd2 Rc4 64. Kd3 Rd4+ 65. Ke3
Ra4 66. Rc8 Ra3+ 67. Ke2 Ra6 68. Ke3 Ke7 69. Ke2 Ra2+ 70. Ke3 Ra3+ 71. Ke2 Kd6
72. Rf8 Ke6 73. Rc8 Kd5 74. f3 Ra2+ 75. Ke3 Rg2 76. Rd8+ Ke6 77. Re8+ Kd6 78.
Rf8 Rxg3 79. Rxf5 Rh3 80. Rf8 Rh7 81. f4 Rh3+ 82. Ke2 e4 83. Re8 Kd5 84. Rd8+
Ke6 85. Rd4 Kf5 86. Rc4 Kxf4 87. Rxc6 Rh2+ 88. Ke1 Kf3 89. Re6 Ra2 90. Re8 Ke3
91. Kf1 Rf2+ 92. Ke1 Rh2 93. Kf1 Rh1+ 94. Kg2 Rd1 95. Re7 Kd3 96. Kf2 Rd2+ 97.
Ke1 Re2+ 98. Kd1 Rb2 99. Ke1 Ke3 100. Kf1 Rb8 101. Re6 Rb1+ 102. Kg2 Re1 103.
Re8 Kd2 104. Ra8 Rd1 105. Ra2+ Ke1 106. Ra8 e3 107. Kf3 e2 108. Ke3 Rb1 109.
Rd8 Rb3+ 110. Ke4 Kf2 0-1

[Event "StM 2004"]
[Site "Hartberg"]
[Date "2004.??.??"]
[Round "1.40"]
[White "Sandhoefner, Florian"]
[Black "Mueller, Roland"]
[Result "1-0"]
[WhiteElo "2240"]
[BlackElo "2097"]
[PlyCount "69"]
[EventDate "2004.??.??"]

1. e4 e6 2. d4 d5 3. Nd2 dxe4 4. Nxe4 Nd7 5. Nf3 Ngf6 6. Nxf6+ gxf6 7. g3 Rb8
8. Bg2 b5 9. O-O Bb7 10. c3 Qc8 11. Re1 Bd5 12. b3 Qb7 13. Qd3 Qc6 14. Nh4 Nb6
15. Bf1 a6 16. f4 Kd8 17. f5 Kc8 18. Bd2 Ba3 19. Bg2 Kb7 20. Re2 Rbd8 21. fxe6
fxe6 22. Bxd5 Nxd5 23. Rae1 Rhe8 24. Nf3 e5 25. Qxh7 Nxc3 26. Bxc3 Qxc3 27.
Qe4+ Kb6 28. dxe5 fxe5 29. Rc2 Qd3 30. Qxd3 Rxd3 31. Nxe5 Rdd8 32. Nd7+ Ka5 33.
Rxe8 Rxe8 34. h4 Rg8 35. Kg2 1-0

[Event "StM 2004"]
[Site "Hartberg"]
[Date "2004.??.??"]
[Round "2.1"]
[White "Stanec, Nikolaus"]
[Black "Neumeier, Klaus"]
[Result "1-0"]
[WhiteElo "2562"]
[BlackElo "2305"]
[PlyCount "125"]
[EventDate "2004.??.??"]

1. d4 Nf6 2. Nf3 g6 3. c3 Bg7 4. Bg5 O-O 5. Nbd2 d6 6. e4 Nc6 7. Bb5 e5 8. Bxc6
bxc6 9. dxe5 dxe5 10. O-O Qe7 11. Qa4 Bb7 12. Nc4 h6 13. Bxf6 Bxf6 14. Na5 Rab8
15. Nxb7 Rxb7 16. Rab1 Qc5 17. Nd2 Rd8 18. Rfd1 Qb5 19. Qxb5 cxb5 20. Nb3 c6
21. Na5 Rc7 22. Rxd8+ Bxd8 23. Rd1 Be7 24. Kf1 Kf8 25. Ke2 Ke8 26. Nb3 h5 27.
Rc1 Kd7 28. c4 a6 29. Rc3 Rc8 30. g3 Rc7 31. f4 exf4 32. gxf4 Rc8 33. Kf3 Ke8
34. Nc1 Bf6 35. e5 Be7 36. Nd3 Kd7 37. Ke4 Ke6 38. cxb5 axb5 39. Nc5+ Bxc5 40.
Rxc5 Rc7 41. h4 Rc8 42. a3 Rc7 43. b3 Rc8 44. a4 bxa4 45. bxa4 Kd7 46. Rc4 Rb8
47. f5 gxf5+ 48. Kxf5 Rb1 49. a5 Ra1 50. Rc5 Rg1 51. a6 Ra1 52. Kf6 Rxa6 53.
Kxf7 Ra1 54. e6+ Kd6 55. Rf5 Re1 56. Rf2 Re3 57. Rd2+ Kc7 58. Rd7+ Kc8 59. Ra7
Rf3+ 60. Ke8 Rf4 61. Rf7 Rxh4 62. Kf8 Re4 63. e7 1-0

[Event "StM 2004"]
[Site "Hartberg"]
[Date "2004.??.??"]
[Round "2.2"]
[White "Holzer, Gerhard"]
[Black "Baumegger, Siegfried"]
[Result "0-1"]
[WhiteElo "2270"]
[BlackElo "2433"]
[PlyCount "92"]
[EventDate "2004.??.??"]

1. e4 c5 2. Nf3 Nc6 3. d4 cxd4 4. Nxd4 Nf6 5. Nc3 d6 6. Be2 g6 7. Nb3 Bg7 8.
Bg5 O-O 9. O-O a6 10. f4 b5 11. Bf3 Bb7 12. Kh1 Nd7 13. Qe1 b4 14. Nd1 a5 15.
c3 a4 16. Nd4 bxc3 17. Nxc6 Bxc6 18. bxc3 Nc5 19. Nf2 Ne6 20. Qe3 Nxg5 21. fxg5
Rc8 22. Ng4 Bd7 23. Nh6+ Bxh6 24. gxh6 Qa5 25. Rac1 Be6 26. a3 Rc7 27. Qd4 f6
28. Qb4 Qa7 29. Be2 Rb8 30. Bb5 Bb3 31. Rb1 Rcc8 32. Rxb3 axb3 33. Qxb3+ e6 34.
Rxf6 Qe7 35. Rf1 Rf8 36. Rd1 Rf2 37. a4 Kh8 38. Qb4 Rbf8 39. Rg1 e5 40. Qa3
R8f4 41. Qb4 Rh4 42. Rf1 Rhf4 43. Rg1 Qf8 44. Bd7 Rxg2 45. Bh3 Re2 46. Bg2 Rxg2
0-1

[Event "StM 2004"]
[Site "Hartberg"]
[Date "2004.??.??"]
[Round "2.3"]
[White "Danner, Georg"]
[Black "Petschar, Kurt"]
[Result "1-0"]
[WhiteElo "2431"]
[BlackElo "2289"]
[PlyCount "75"]
[EventDate "2004.??.??"]

1. d4 Nf6 2. Nf3 e6 3. e3 b6 4. Bd3 Bb7 5. O-O d5 6. c4 Be7 7. Nc3 O-O 8. b3 c5
9. Bb2 Nbd7 10. Qe2 a6 11. Rad1 Qc7 12. Ne5 Rfd8 13. f4 Nf8 14. g4 dxc4 15.
bxc4 cxd4 16. exd4 Bb4 17. Ne4 Nxe4 18. Bxe4 Bxe4 19. Qxe4 Rac8 20. d5 f6 21.
Nc6 Bc5+ 22. Bd4 exd5 23. cxd5 Re8 24. Qf3 Bxd4+ 25. Rxd4 Nd7 26. Rfd1 Qd6 27.
Kg2 b5 28. h4 Nb6 29. Kh3 Qd7 30. Kg3 Nc4 31. R1d3 Re1 32. Re4 Rxe4 33. Qxe4
Re8 34. Qf3 Qd6 35. Nd4 Re1 36. Nf5 Qc5 37. d6 Qg1+ 38. Kh3 1-0

[Event "StM 2004"]
[Site "Hartberg"]
[Date "2004.??.??"]
[Round "2.4"]
[White "Neubauer, Martin"]
[Black "Beck, Hartmuth"]
[Result "1/2-1/2"]
[WhiteElo "2429"]
[BlackElo "2279"]
[PlyCount "39"]
[EventDate "2004.??.??"]

1. e4 c5 2. c3 Nf6 3. e5 Nd5 4. d4 cxd4 5. Nf3 Nc6 6. cxd4 d6 7. Bc4 dxe5 8.
Bxd5 Qxd5 9. Nc3 Qd6 10. d5 Nd4 11. Nxd4 exd4 12. Qxd4 e5 13. Qd3 Be7 14. O-O
O-O 15. a4 a6 16. Rd1 Bg4 17. f3 Bd7 18. Ne4 Qg6 19. d6 Bd8 20. Be3 1/2-1/2

[Event "StM 2004"]
[Site "Hartberg"]
[Date "2004.??.??"]
[Round "2.5"]
[White "Srienz, Christian"]
[Black "Lehner, Oliver"]
[Result "0-1"]
[WhiteElo "2256"]
[BlackElo "2425"]
[PlyCount "118"]
[EventDate "2004.??.??"]

1. e4 c5 2. Nf3 Nc6 3. d4 cxd4 4. Nxd4 Nf6 5. Nc3 d6 6. Be3 Ng4 7. Nxc6 bxc6 8.
Bc1 Qb6 9. Qd2 e5 10. h3 Nf6 11. Bc4 Be7 12. Bb3 Ba6 13. Qe3 O-O 14. Qxb6 axb6
15. Bg5 h6 16. Bxf6 Bxf6 17. Nd1 Rfd8 18. Ne3 Bg5 19. O-O-O Bxe3+ 20. fxe3 Kf8
21. Rd2 Ke7 22. Rhd1 Bc8 23. Kb1 b5 24. Rf1 Be6 25. Bxe6 Kxe6 26. b3 Rd7 27.
Rc1 c5 28. c4 b4 29. Rf1 h5 30. g3 f6 31. Rdf2 Rf7 32. Kb2 g6 33. Ra1 f5 34. a4
bxa3+ 35. Rxa3 Rxa3 36. Kxa3 h4 37. exf5+ gxf5 38. gxh4 Rh7 39. Ka4 Rxh4 40.
Kb5 Rxh3 41. Kc6 Rxe3 42. Rd2 f4 43. Rxd6+ Kf5 44. Rd8 f3 45. Kxc5 Ke4 46. Rf8
Rxb3 47. Kd6 Rb6+ 48. Kd7 Rb4 49. c5 Ke3 50. Kd6 e4 51. c6 Rd4+ 52. Ke5 Rc4 53.
Kd5 Rc1 54. Re8 Rd1+ 55. Ke5 f2 56. c7 f1=Q 57. c8=Q Qf4+ 58. Ke6 Rd6+ 59. Ke7
Qf6# 0-1

[Event "StM 2004"]
[Site "Hartberg"]
[Date "2004.??.??"]
[Round "2.6"]
[White "Roth, Peter"]
[Black "Schweda, Roland"]
[Result "1/2-1/2"]
[WhiteElo "2244"]
[BlackElo "2420"]
[PlyCount "63"]
[EventDate "2004.??.??"]

1. e4 c5 2. Nf3 d6 3. Bc4 Nf6 4. e5 dxe5 5. Nxe5 e6 6. Qe2 Be7 7. O-O O-O 8. b3
Qc7 9. Bb2 Nc6 10. Nxc6 Qxc6 11. f4 a6 12. a4 Qe4 13. Qxe4 Nxe4 14. a5 Bd7 15.
Be2 Bc6 16. Bf3 Rac8 17. d3 Nd6 18. Nd2 Nf5 19. Nc4 Bxf3 20. Rxf3 Nd4 21. Rf2
Bf6 22. Re1 Rfd8 23. g3 Nc6 24. Bxf6 gxf6 25. f5 e5 26. Kg2 Rd4 27. Ra1 Kf8 28.
Nd2 Ke7 29. Ne4 Rd5 30. Nc3 Rdd8 31. Ne4 Rd5 32. Nc3 1/2-1/2

[Event "StM 2004"]
[Site "Hartberg"]
[Date "2004.??.??"]
[Round "2.8"]
[White "Schwab, Rene"]
[Black "Lendwai, Reinhard"]
[Result "0-1"]
[WhiteElo "2240"]
[BlackElo "2388"]
[PlyCount "74"]
[EventDate "2004.??.??"]

1. e4 c5 2. Nf3 Nc6 3. d4 cxd4 4. Nxd4 Nf6 5. Nxc6 bxc6 6. Bd3 g6 7. O-O Bg7 8.
c4 d6 9. Nc3 O-O 10. Be2 Bb7 11. Qc2 Nd7 12. Be3 c5 13. Rfd1 Qa5 14. Nd5 Bxd5
15. exd5 Rab8 16. Bd2 Qb6 17. Rab1 Bd4 18. g3 e5 19. Kg2 f5 20. h4 f4 21. Bg4
Nf6 22. Be6+ Kg7 23. gxf4 exf4 24. f3 Nh5 25. b4 Qd8 26. Be1 Ng3 27. Bxg3 fxg3
28. Qe4 Be5 29. bxc5 Rxb1 30. Qxb1 dxc5 31. Qb7+ Kh6 32. h5 Qf6 33. Bg4 Rb8 34.
Qd7 Rb2+ 35. Kh1 Rh2+ 36. Kg1 Bd4+ 37. Kf1 g2+ 0-1

[Event "StM 2004"]
[Site "Hartberg"]
[Date "2004.??.??"]
[Round "2.9"]
[White "Mahdy, Khaled"]
[Black "Kuthan, Andreas"]
[Result "1-0"]
[WhiteElo "2379"]
[BlackElo "2269"]
[PlyCount "65"]
[EventDate "2004.??.??"]

1. e4 e6 2. d4 d5 3. Nd2 c5 4. Ngf3 cxd4 5. exd5 Qxd5 6. Bc4 Qd6 7. O-O Nf6 8.
Nb3 Nc6 9. Nbxd4 Nxd4 10. Qxd4 Bd7 11. Bf4 Qxd4 12. Nxd4 Rc8 13. Bb3 Bc5 14.
Rad1 O-O 15. Rfe1 Rfd8 16. h3 a6 17. c3 Kf8 18. Be5 Ne8 19. Rd3 Ke7 20. Rf3 Bd6
21. Bg3 Bxg3 22. Rxg3 g6 23. Rge3 Nd6 24. Re5 Nc4 25. R5e2 Be8 26. f4 Rc5 27.
Kh2 Bc6 28. Rxe6+ fxe6 29. Nxe6 Re5 30. Rxe5 Rd2 31. Rg5 Ne3 32. Nd4 Bxg2 33.
Re5+ 1-0

[Event "StM 2004"]
[Site "Hartberg"]
[Date "2004.??.??"]
[Round "2.10"]
[White "Kastner, Walter"]
[Black "Hoelzl, Franz"]
[Result "1/2-1/2"]
[WhiteElo "2229"]
[BlackElo "2373"]
[PlyCount "87"]
[EventDate "2004.??.??"]

1. Nf3 c5 2. c4 b6 3. g3 g6 4. Bg2 Bb7 5. O-O Bg7 6. Nc3 d6 7. Re1 Nd7 8. e4 e5
9. a3 Ne7 10. d3 O-O 11. Bd2 h6 12. Qc1 Kh7 13. Rf1 Nf6 14. Ne1 Nc6 15. Nc2 Na5
16. Qd1 Nb3 17. Rb1 Nxd2 18. Qxd2 h5 19. Ne3 Bh6 20. Qe2 h4 21. Ng4 Nxg4 22.
Qxg4 hxg3 23. fxg3 Kg7 24. Nd5 Bxd5 25. cxd5 Rc8 26. Bh3 Rc7 27. Qe2 b5 28. b3
Qg5 29. Rf3 f5 30. Rbf1 Rcf7 31. Kh1 fxe4 32. Rxf7+ Rxf7 33. Rxf7+ Kxf7 34.
dxe4 a6 35. Be6+ Kg7 36. Qf1 Kh7 37. Qf7+ Bg7 38. Qf3 Qc1+ 39. Kg2 c4 40. bxc4
bxc4 41. h4 Qd2+ 42. Kh3 c3 43. Qf7 Qe3 44. Bf5 1/2-1/2

[Event "StM 2004"]
[Site "Hartberg"]
[Date "2004.??.??"]
[Round "2.12"]
[White "Miniboeck, Günter"]
[Black "Bezler, Rainer"]
[Result "1/2-1/2"]
[WhiteElo "2345"]
[BlackElo "2242"]
[PlyCount "127"]
[EventDate "2004.??.??"]

1. d4 d5 2. c4 e6 3. Nc3 Nf6 4. cxd5 exd5 5. Bg5 c6 6. e3 Be7 7. Qc2 O-O 8. Bd3
Nbd7 9. Nf3 Re8 10. O-O Ne4 11. Bxe4 dxe4 12. Nxe4 Bxg5 13. Nexg5 Nf8 14. Ne4
Bf5 15. Nfd2 Bg6 16. Rfe1 h5 17. f3 f5 18. Nf2 f4 19. Qc3 Ne6 20. Nb3 fxe3 21.
Rxe3 Nf4 22. Rxe8+ Qxe8 23. Qd2 Qf7 24. Re1 a5 25. Re5 a4 26. Nc1 Rd8 27. Ne4
Ne6 28. Ng5 Nxg5 29. Rxg5 Qf6 30. Ne2 Bf7 31. a3 Bc4 32. Rxh5 Bxe2 33. Qxe2
Qxd4+ 34. Kf1 Qd1+ 35. Qe1 Qb3 36. Rh8+ Kxh8 37. Qh4+ Kg8 38. Qxd8+ Kh7 39. Qd4
b5 40. Ke2 Kg8 41. Kd2 Qe6 42. h3 Qb3 43. Kc1 Qe6 44. Kd2 Qb3 45. Qd8+ Kf7 46.
Qd7+ Kf8 47. Qc8+ Kf7 48. Qd7+ Kf8 49. Qf5+ Kg8 50. Qe5 Kf7 51. h4 Qc4 52. Qf5+
Kg8 53. Qc8+ Kh7 54. Qf5+ Kg8 55. Qe4 Qc5 56. Ke2 Qc1 57. Qe8+ Kh7 58. Qh5+ Kg8
59. Qe8+ Kh7 60. Qe4+ Kg8 61. Qd4 Qc2+ 62. Kf1 Qb3 63. h5 c5 64. Qd8+ 1/2-1/2

[Event "StM 2004"]
[Site "Hartberg"]
[Date "2004.??.??"]
[Round "2.13"]
[White "Wittmann, Walter"]
[Black "Sandhoefner, Florian"]
[Result "1/2-1/2"]
[WhiteElo "2337"]
[BlackElo "2240"]
[PlyCount "57"]
[EventDate "2004.??.??"]

1. e4 c5 2. Nf3 d6 3. d4 cxd4 4. Nxd4 Nf6 5. Nc3 g6 6. Be3 Bg7 7. f3 O-O 8. Qd2
Nc6 9. Bc4 Bd7 10. O-O-O Qa5 11. Bb3 Rfc8 12. h4 Ne5 13. Kb1 Nc4 14. Bxc4 Rxc4
15. Nb3 Qc7 16. g4 b5 17. g5 Nh5 18. Nd5 Qd8 19. Bd4 Bxd4 20. Nxd4 Rac8 21. c3
a6 22. Rhe1 Be6 23. f4 Ng7 24. Ne3 R4c5 25. Rf1 Qd7 26. Nb3 R5c7 27. Nd4 Rc5
28. Nb3 R5c7 29. Nd4 1/2-1/2

[Event "StM 2004"]
[Site "Hartberg"]
[Date "2004.??.??"]
[Round "2.14"]
[White "Brandner, Stefan"]
[Black "Scheffknecht, Philipp"]
[Result "1/2-1/2"]
[WhiteElo "2328"]
[BlackElo "2171"]
[PlyCount "82"]
[EventDate "2004.??.??"]

1. e4 c5 2. d3 Nc6 3. g3 g6 4. Bg2 Bg7 5. f4 d6 6. Nf3 e6 7. O-O Nge7 8. c3 O-O
9. Be3 b6 10. Bf2 Qc7 11. Na3 Ba6 12. Re1 Rac8 13. d4 cxd4 14. cxd4 Qb7 15. Qd2
Na5 16. b3 Rc7 17. f5 exf5 18. exf5 Qb8 19. fxg6 hxg6 20. Ng5 Qd8 21. Rad1 Nf5
22. h4 Bh6 23. g4 Ng7 24. Be3 Bb7 25. d5 Re8 26. Qf2 Rce7 27. b4 f6 28. Ne4
Rxe4 29. Bxe4 Rxe4 30. Bxh6 Rxg4+ 31. Kh2 Nf5 32. Bf4 Qd7 33. Qf3 Nxh4 34. Qe3
Nf5 35. Qe8+ Qxe8 36. Rxe8+ Kf7 37. Rb8 Rxf4 38. bxa5 Rh4+ 39. Kg1 Rg4+ 40. Kf2
Rf4+ 41. Kg1 Rg4+ 1/2-1/2

[Event "StM 2004"]
[Site "Hartberg"]
[Date "2004.??.??"]
[Round "2.15"]
[White "Wallner, Joachim"]
[Black "Sadilek, Maximilian"]
[Result "0-1"]
[WhiteElo "2319"]
[BlackElo "2130"]
[PlyCount "70"]
[EventDate "2004.??.??"]

1. e4 c5 2. Nf3 Nc6 3. d4 cxd4 4. Nxd4 Nf6 5. Nc3 e5 6. Ndb5 d6 7. Nd5 Nxd5 8.
exd5 Nb8 9. Qf3 a6 10. Qa3 Be7 11. Bg5 f6 12. Bd2 O-O 13. Ba5 b6 14. Bb4 Qd7
15. Bd2 Bb7 16. Nc3 Qc7 17. Qb4 Nd7 18. a4 Rac8 19. Qh4 Nc5 20. Qh5 f5 21. g4
Ne4 22. gxf5 Nxd2 23. Kxd2 Qc5 24. Bd3 Qxf2+ 25. Ne2 Bf6 26. c4 e4 27. Bxe4
Rxc4 28. Qf3 Qc5 29. Nc3 Bxc3+ 30. bxc3 Rxe4 31. Qxe4 Bxd5 32. Qe2 Bxh1 33.
Qe6+ Kh8 34. Rxh1 Qf2+ 35. Qe2 Qxf5 0-1

[Event "StM 2004"]
[Site "Hartberg"]
[Date "2004.??.??"]
[Round "2.16"]
[White "Wallis, Anton"]
[Black "Karner, Christoph"]
[Result "1/2-1/2"]
[WhiteElo "2177"]
[BlackElo "2364"]
[PlyCount "146"]
[EventDate "2004.??.??"]

1. e4 c5 2. c3 Nf6 3. e5 Nd5 4. Nf3 e6 5. d4 cxd4 6. cxd4 d6 7. Bc4 Nb6 8. Bb3
dxe5 9. Nxe5 Nc6 10. Nf3 Be7 11. Nc3 O-O 12. O-O Nb4 13. a3 N4d5 14. Ne4 Nf6
15. Nxf6+ Bxf6 16. Qd3 Bd7 17. Bc2 g6 18. Bh6 Re8 19. Rad1 Bc6 20. Rfe1 Bd5 21.
Ne5 Rc8 22. Qe2 Bg5 23. Bxg5 Qxg5 24. Be4 Re7 25. g3 Rec7 26. h4 Qf6 27. h5 Qg5
28. hxg6 hxg6 29. Qf3 Bxe4 30. Rxe4 Nd5 31. Ree1 Qf5 32. Qxf5 gxf5 33. Kf1 Nf6
34. Re2 Rc2 35. f3 Nd5 36. Nd3 R2c4 37. Ne5 R4c7 38. Kf2 f4 39. gxf4 Nxf4 40.
Red2 Rd8 41. Rg1+ Kf8 42. Rg4 Nd5 43. Rh4 Kg7 44. Ke2 Ne7 45. Rf4 Nf5 46. d5
Rc5 47. Rb4 Rcxd5 48. Rxd5 Rxd5 49. f4 b6 50. Rc4 Rd4 51. Rxd4 Nxd4+ 52. Kd3
Nb5 53. Nc6 a6 54. Nb8 Nc7 55. Ke4 f6 56. b4 Kf7 57. a4 Ke7 58. a5 bxa5 59.
bxa5 Kd6 60. Kd4 Nd5 61. Nxa6 Nxf4 62. Nb4 f5 63. a6 e5+ 64. Ke3 Ne6 65. a7 Nc7
66. Nd3 e4 67. Nf2 Ke5 68. Nh3 Nd5+ 69. Ke2 Nb6 70. Ke3 Na8 71. Nf4 Kd6 72. Nh3
Nb6 73. Ng5 Ke5 1/2-1/2

[Event "StM 2004"]
[Site "Hartberg"]
[Date "2004.??.??"]
[Round "2.17"]
[White "Pilaj, Herwig"]
[Black "Titz, Heimo"]
[Result "1-0"]
[WhiteElo "2425"]
[BlackElo "2217"]
[PlyCount "127"]
[EventDate "2004.??.??"]

1. e4 c5 2. Nf3 Nc6 3. d4 cxd4 4. Nxd4 Nf6 5. Nc3 d6 6. Bg5 Qb6 7. Nb3 e6 8.
Qe2 a6 9. O-O-O Qc7 10. Kb1 Be7 11. g4 b5 12. Be3 Bb7 13. g5 Nd7 14. f4 b4 15.
Na4 Na5 16. Nb6 Nxb6 17. Nxa5 Na4 18. Nxb7 Qxb7 19. Ka1 O-O 20. Bg2 Qb5 21.
Qxb5 axb5 22. Bd2 Rfc8 23. Bxb4 Rxc2 24. Rd2 Rxd2 25. Bxd2 Nc5 26. Kb1 Rb8 27.
b4 Na4 28. Rc1 Kf8 29. Bf1 Bd8 30. a3 Ke7 31. Ka2 f5 32. exf5 exf5 33. Kb3 Kd7
34. Bd3 g6 35. h4 Be7 36. h5 Rb7 37. hxg6 hxg6 38. Rh1 Nc5+ 39. bxc5 dxc5 40.
Be2 c4+ 41. Kb2 Ra7 42. Bb4 Bxb4 43. axb4 Ra4 44. Kc3 Ra2 45. Rd1+ Ke6 46. Rd2
Ra3+ 47. Kd4 Kd6 48. Bxc4 bxc4 49. Kxc4+ Kc7 50. Kd5 Re3 51. Rc2+ Kd7 52. Rc4
Re1 53. b5 Rb1 54. Kc5 Kc7 55. Ra4 Rc1+ 56. Kd5 Rb1 57. Ra7+ Kb8 58. Ra5 Kb7
59. Ke5 Rb4 60. Kf6 Rxf4 61. Kxg6 Rf1 62. Kf7 f4 63. g6 Rc1 64. g7 1-0

[Event "StM 2004"]
[Site "Hartberg"]
[Date "2004.??.??"]
[Round "2.19"]
[White "Freitag, Manfred"]
[Black "Mayerhofer, Peter"]
[Result "1/2-1/2"]
[WhiteElo "2397"]
[BlackElo "2165"]
[PlyCount "31"]
[EventDate "2004.??.??"]

1. d4 d5 2. c4 dxc4 3. Nf3 Nf6 4. e3 Bg4 5. Bxc4 e6 6. Qb3 Bxf3 7. gxf3 Nbd7 8.
Qxb7 c5 9. dxc5 Bxc5 10. f4 O-O 11. Nc3 Nb6 12. Bb3 Nbd5 13. Nxd5 exd5 14. Bd2
Rb8 15. Qc6 Ne4 16. Qxd5 1/2-1/2

[Event "StM 2004"]
[Site "Hartberg"]
[Date "2004.??.??"]
[Round "2.21"]
[White "Wagner, Stephan"]
[Black "Rolletschek, Heinrich"]
[Result "1/2-1/2"]
[WhiteElo "2174"]
[BlackElo "2316"]
[PlyCount "77"]
[EventDate "2004.??.??"]

1. c4 g6 2. Nc3 Bg7 3. g3 e5 4. e4 Ne7 5. Bg2 d6 6. Nge2 Nbc6 7. Rb1 Be6 8. d3
O-O 9. b4 Qd7 10. O-O Bh3 11. Nd5 Bxg2 12. Kxg2 Nd8 13. Nec3 c6 14. Nxe7+ Qxe7
15. b5 Ne6 16. Qa4 Nc5 17. Qc2 f5 18. exf5 Rxf5 19. bxc6 bxc6 20. Be3 Ne6 21.
Qa4 Qc7 22. Rb3 Rf7 23. Rfb1 Rc8 24. Ne4 Bf8 25. Qa6 Qd7 26. Bxa7 d5 27. cxd5
cxd5 28. Rb7 Rc7 29. Rxc7 Qxc7 30. Qxe6 dxe4 31. Be3 exd3 32. Rd1 Qb7+ 33. Kg1
e4 34. a4 Qb4 35. a5 Qa4 36. Rd2 Bb4 37. Qc8+ Rf8 38. Qe6+ Rf7 39. Qc8+ 1/2-1/2

[Event "StM 2004"]
[Site "Hartberg"]
[Date "2004.??.??"]
[Round "2.22"]
[White "Druckenthaner, Andreas"]
[Black "Bozinovic, Boban"]
[Result "1-0"]
[WhiteElo "2292"]
[BlackElo "2163"]
[PlyCount "85"]
[EventDate "2004.??.??"]

1. d4 Nf6 2. c4 c5 3. d5 b5 4. Nf3 bxc4 5. Nc3 g6 6. e4 d6 7. Bxc4 Nbd7 8. Bb5
Qc7 9. O-O Bg7 10. h3 O-O 11. Re1 Rd8 12. Bf4 Rb8 13. Qe2 Qb6 14. e5 dxe5 15.
Nxe5 Nh5 16. Bh2 Nxe5 17. Bxe5 Bxe5 18. Qxe5 e6 19. Bc4 f6 20. Qe3 e5 21. Ne4
Kg7 22. Nxc5 Nf4 23. Rad1 Qxb2 24. Rb1 Qxb1 25. Rxb1 Rxb1+ 26. Kh2 Rd1 27. Qb3
Rd4 28. Ne6+ Nxe6 29. dxe6 Re8 30. Qb5 Rdd8 31. Qc5 Kh6 32. Qe3+ g5 33. h4 Bxe6
34. hxg5+ fxg5 35. Bxe6 Rd6 36. Bf5 Rd4 37. g3 Re7 38. Qa3 Rf7 39. Qa6+ Kg7 40.
Qe6 Rd2 41. Qxe5+ Kh6 42. Kg2 a6 43. g4 1-0